Statistiques concernant 10 pays immédiatement plus petits que la France

Cliquez ici pour prendre le quiz!

Statistiques générales

  • Ce quiz a été pris 125 fois
  • Le résultat moyen est 6 sur 10

Statistiques - réponses

640,659 km2France% Correct
505,992 km2EuropeEspagne
90%
580,367 km2AfriqueKenya
75%
603,500 km2EuropeUkraine
74%
637,657 km2AfriqueSomalie
71%
513,120 km2AsieThailande
64%
581,730 km2AfriqueBotswana
63%
619,745 km2AfriqueSoudan du sud
59%
587,041 km2AfriqueMadagascar
53%
527,968 km2AsieYemen
50%
622,984 km2AfriqueRepubliqué Central Africaine
49%

Distribution des résultats

Percentile par nombre de réponses

% des personnes avec chaque résultat

Votre développement - résultats

Vous n’avez pas pris ce quiz